| 000 | 00561cam a22001457a 4500 | ||
|---|---|---|---|
| 008 | 180718b2010 xxu||||| |||| 00| 0 eng d | ||
| 082 | _aAPPPA 2009-10/PAN | ||
| 100 | _aPandey, Indevar | ||
| 245 |
_aPublic private partnership in highways: a case study of NHAI _cby Indevar Pandey |
||
| 260 |
_aNew Delhi _bIndian Institute of Public Administration _c2010 |
||
| 300 | _a136p. | ||
| 500 | _aAn APPPA M.Phil dissertation, 2009-10 (Guide: Prof. Rakesh Gupta) | ||
| 650 | _aPublic-private sector cooperation -- India | ||
| 650 | _aRoads -- Government policy -- India | ||
| 999 |
_c501995 _d501995 |
||